000 00682nam a2200181Ia 4500
008 090124s9999 xx 000 0 und d
082 _b24473
_a628
100 _aगाडगीळ अमरेंद्र लक्ष्मण
245 _a रामायण : सम्यक् दर्शन
250 _a1
260 _c1983
300 _a119
600 _aगाडगीळ अमरेंद्र लक्ष्मण
630 _a रामायण : सम्यक् दर्शन
700 _aगाडगीळ अमरेंद्र लक्ष्मण
730 _a रामायण : सम्यक् दर्शन
942 _cBOOK
999 _c138031
_d138031